LAW RELATING TO INTELLECTUAL PROPERTY RIGHTS (Record no. 8094)

MARC details
000 -LEADER
fixed length control field 00447nam a22001817a 4500
005 - DATE AND TIME OF LATEST TRANSACTION
control field 20230111122422.0
008 - FIXED-LENGTH DATA ELEMENTS--GENERAL INFORMATION
fixed length control field 221217b |||||||| |||| 00| 0 eng d
020 ## - INTERNATIONAL STANDARD BOOK NUMBER
ISBN 978-81312-5165-2
041 ## - LANGUAGE CODE
Language code of text/sound track or separate title eng
082 ## - DEWEY DECIMAL CLASSIFICATION NUMBER
Classification number 346 AHU-L
100 ## - MAIN ENTRY--AUTHOR NAME
Personal name AHUJA ,V K
245 ## - TITLE STATEMENT
Title LAW RELATING TO INTELLECTUAL PROPERTY RIGHTS
250 ## - EDITION STATEMENT
Edition statement 3rd ed.
260 ## - PUBLICATION, DISTRIBUTION, ETC. (IMPRINT)
Place of publication HARYANA
Name of publisher LEXIS NEXIS
Year of publication 2022
300 ## - PHYSICAL DESCRIPTION
Number of Pages 769;P.
650 ## - SUBJECT ADDED ENTRY--TOPICAL TERM
Topical Term LAW
942 ## - ADDED ENTRY ELEMENTS (KOHA)
Koha item type Books
Holdings
Lost status Damaged status Collection code Home library Shelving location Date acquired Source of acquisition Cost, normal purchase price Full call number Accession Number Koha item type Current library Serial Enumeration / chronology
    Reference JRU Library SHELF- 67 D 21/10/2022 LOHIA BOOK INTERNATIONAL 825.00 346-AHU-L 27029 Books    
    LAW JRU Library SHELF-30-A 21/10/2022 LOHIA BOOK INTERNATIONAL 825.00 346-AHU-L 27030 Books JRU Library  
    LAW JRU Library SHELF-30-A 31/10/2023 PURCHASE [LBI] 875.00 346 AHU-L 28012 Books JRU Library 3rd ED.
    LAW JRU Library SHELF-30-A 31/10/2023 PURCHASE [LBI] 875.00 346 AHU-L 28013 Books JRU Library 3rd ED.
    LAW JRU Library SHELF-30-A 31/10/2023 PURCHASE [LBI] 875.00 346 AHU-L 28014 Books JRU Library 3rd ED.
    LAW JRU Library SHELF-30-A 31/10/2023 PURCHASE [LBI] 875.00 346 AHU-L 28015 Books JRU Library 3rd ED.
    LAW JRU Library SHELF-30-A 31/10/2023 PURCHASE [LBI] 875.00 346 AHU-L 28016 Books JRU Library 3rd ED.